[Event "Charlesbourg Alekhine"]
[Site "Charlesbourg"]
[Date "2013.09.09"]
[Round "2"]
[White "Glode, Martin"]
[Black "Drolet, Stephane"]
[Result "1/2-1/2"]
[WhiteElo "1868"]
[BlackElo "2148"]
[PlyCount "50"]
[EventDate "2013.09.02"]
[EventType "swiss"]
[EventRounds "5"]
[EventCountry "CAN"]
[SourceTitle "EXT 2022"]
[Source "ChessBase"]
[SourceDate "2021.10.06"]
[SourceVersion "1"]
[SourceVersionDate "2021.10.06"]
[SourceQuality "1"]

1. e4 c6 2. d4 g6 3. Nc3 d5 4. h3 Bg7 5. Nf3 Nf6 6. e5 Ne4 7. Nxe4 dxe4 8. Ng5 c5 9. c3 cxd4 10. Qxd4 0-0 11. Qxd8 Rxd8 12. Bc4 e6 13. Nxe4 Bxe5 14. Bg5 Rf8 15. Be7 Re8 16. Nf6+ Bxf6 17. Bxf6 Nd7 18. Bh4 a6 19. Be2 e5 20. 0-0-0 Nc5 21. Bc4 Bf5 22. g4 Be4 23. Rhe1 Bf3 24. Be2 Bc6 25. Bc4 Bf3 1/2-1/2